Talking Heads Albums Tile Select - Statistics

General Stats
  • This quiz has been taken 37 times
  • The average score is 37 of 45
Answer Stats
Question Tile Select % Correct
the following songs that are on Speaking in Tongues (1983). (Nothing But) Flowers No
100%
the following songs that are on Remain in Light (1980). Paper No
100%
the following songs that are on Remain in Light (1980). Born Under Punches (The Heat Goes On) Yes
97%
the following songs that are on Speaking in Tongues (1983). Give Me Back My Name No
97%
the following songs that are on More Songs About Buildings and Food (1978). Psycho Killer No
97%
the following songs that are on Speaking in Tongues (1983). The Overload No
97%
the following songs that are on Speaking in Tongues (1983). Burning Down the House Yes
94%
the following songs that are on Remain in Light (1980). Crosseyed and Painless Yes
94%
the following songs that are on Remain in Light (1980). Moon Rocks No
94%
the following songs that are on Speaking in Tongues (1983). Television Man No
94%
the following songs that are on Fear and Music (1979). The Big Country No
94%
the following songs that are on Fear and Music (1979). Houses in Motion No
91%
the following songs that are on Remain in Light (1980). Making Flippy Floppy No
91%
the following songs that are on Remain in Light (1980). Once in a Lifetime Yes
91%
the following songs that are on Speaking in Tongues (1983). Swamp Yes
91%
the following songs that are on Remain in Light (1980). The Great Curve Yes
91%
the following songs that are on Remain in Light (1980). Air No
88%
the following songs that are on Little Creatures (1985). And She Was Yes
88%
the following songs that are on Fear and Music (1979). I'm Not in Love No
88%
the following songs that are on Fear and Music (1979). I Zimbra Yes
88%
the following songs that are on Fear and Music (1979). Life During Wartime Yes
88%
the following songs that are on Fear and Music (1979). Listening Wind No
88%
the following songs that are on Speaking in Tongues (1983). Radio Head No
88%
the following songs that are on More Songs About Buildings and Food (1978). Take Me to the River Yes
88%
the following songs that are on More Songs About Buildings and Food (1978). Thank You for Sending Me an Angel Yes
88%
the following songs that are on Speaking in Tongues (1983). This Must Be the Place (Naive Melody) Yes
88%
the following songs that are on More Songs About Buildings and Food (1978). Animals No
85%
the following songs that are on More Songs About Buildings and Food (1978). Cities No
85%
the following songs that are on Speaking in Tongues (1983). Girlfriend Is Better Yes
85%
the following songs that are on Little Creatures (1985). Blind No
82%
the following songs that are on More Songs About Buildings and Food (1978). Don't Worry About the Government No
82%
the following songs that are on Little Creatures (1985). Road to Nowhere Yes
82%
the following songs that are on Fear and Music (1979). Drugs Yes
79%
the following songs that are on Fear and Music (1979). Heaven Yes
74%
the following songs that are on Remain in Light (1980). Seen and Not Seen Yes
74%
the following songs that are on Little Creatures (1985). Love for Sale No
71%
the following songs that are on Little Creatures (1985). The Lady Don't Mind Yes
71%
the following songs that are on Little Creatures (1985). Wild Wild Life No
71%
the following songs that are on More Songs About Buildings and Food (1978). Artists Only Yes
65%
the following songs that are on Fear and Music (1979). Memories Can't Wait Yes
65%
the following songs that are on More Songs About Buildings and Food (1978). Warning Sign Yes
62%
the following songs that are on More Songs About Buildings and Food (1978). With Our Love Yes
56%
the following songs that are on Little Creatures (1985). Perfect World Yes
53%
the following songs that are on Little Creatures (1985). Stay Up Late Yes
50%
the following songs that are on Little Creatures (1985). Walk It Down Yes
38%
No matching quizzes found
Score Distribution
Percent of People with Each Score
Percentile by Number Answered
Your Score History
You have not taken this quiz